000 00885nam a2200253 a 4500
001 000028568
003 OSt
005 20240316073904.0
008 110411s1974 dr r 000 0 spa d
040 _aDO-SdBNP
_bspa
_cBNPHU
082 _axxxx
_bP645e
100 1 _aPina, Plinio
_955527
245 1 0 _aEsquema para una revisión de nomenclaturas arqueológicas del poblamiento precerámico en las Antillas /
_cPlinio Pina, Marcio Veloz Maggiolo, Miguel García Arévalo.
260 _aSanto Domingo :
_bFandación García Avévalo,
_c1974.
300 _a16 p. ;
_c23 cm.
490 1 _aMonográfica
_v3
504 _aBibliografía : p. 14 -15
590 _aInventariado, 2020 / DG
700 1 _aGarcía Arévalo, Miguel
_955528
700 1 _aVeloz Maggiolo, Marcio,
_d1936-2021
_91104
830 0 _aMonográfica
_n3
_931616
910 _aInventariado, 2020 / DG
942 _2ddc
_cLBS1
999 _c28060
_d28060